| 000 | 00487 a2200181 4500 | ||
|---|---|---|---|
| 003 | OSt | ||
| 005 | 20260306134438.0 | ||
| 008 | 260306b |||||||| |||| 00| 0 eng d | ||
| 020 | _a9789364873567 | ||
| 040 | _coclc | ||
| 082 |
_a894.8123 _bSAI/K |
||
| 100 | 1 |
_aSeyd, Majīd _910615 |
|
| 245 |
_aKARU / _cMajīd Seyd |
||
| 250 | _a3rd ed. | ||
| 260 |
_aKotayam: _bD C Books. _c2025, |
||
| 300 | _a351 pages | ||
| 942 |
_2ddc _cBK _h894.8123 _iSAI/K _k894.8123 _mSAI/K |
||
| 999 |
_c44641 _d44641 |
||